Normal view
MARC view
Entry Nombre personal
001 - NÚMERO DE CONTROL
- campo de control: 1000
003 - IDENTIFICADOR DE NÚMERO DE CONTROL
- campo de control: DLC
005 - FECHA Y HORA DE LA ÚLTIMA TRANSACCIÓN
- campo de control: 20260401094247.0
008 - ELEMENTOS DE DATO DE LONGITUD-FIJA
- campo de control de longitud fija: 790529n| azannaabn |b aaa
010 ## - NÚMERO DE CONTROL DE LA BIBLIOTECA DEL CONGRESO
- Número de control de LC: n 79051877
- Número de control de LC cancelado o no válido: n 2011081747
035 ## - NÚMERO DE CONTROL DEL SISTEMA
- Número de control de sistema: (OCoLC)oca00285112
040 ## - FUENTE DE CATALOGACIÓN
- Centro catalogador/agencia de origen: DLC
- Lengua de catalogación: eng
- Normas de descripción: rda
- Centro/agencia transcriptor: DLC
- Centro/agencia modificador: UPB
046 ## - FECHAS CON CODIFICACIÓN ESPECIAL
- Fecha única o de inicio de la creación: -04
100 0# - ENCABEZAMIENTO-NOMBRE DE PERSONA
- Nombre de persona: Euripides.
- Título de la obra: Erechtheus
380 ## - FORMA DE LA OBRA
- Forma de la obra: Tragedies (Drama)
- Fuente del término: lcgft
400 0# - TRAZADO DE VÉASE--NOMBRE DE PERSONA
- Nombre de persona: Euripides.
- Título de la obra: Eretteo
400 0# - TRAZADO DE VÉASE--NOMBRE DE PERSONA
- Nombre de persona: Euripides.
- Título de la obra: Ἐρεχθεύς
670 ## - FUENTE DE DATOS ENCONTRADOS
- Cita de la fuente: His Eretteo, 1977:
- Información encontrada: t.p. (Eretteo)
670 ## - FUENTE DE DATOS ENCONTRADOS
- Cita de la fuente: Encyc. Brit.
- Información encontrada: (Erechtheus)
670 ## - FUENTE DE DATOS ENCONTRADOS
- Cita de la fuente: LC classification in ClassificationWeb, 12 March 2009
- Información encontrada: (Erechtheus. Ἐρεχθεύς)